000
00320nam a2200157Ia 4500
100
_a
Sethi/ Ravi
250
_a
2
942
_c
BK
654
_a
Languages
245
_a
Programming Languages
260
_b
Addison Wesly
_a
New york
_c
1996
082
_a
5.13
_b
SET
300
_a
640
546
_a
ENGLISH
999
_c
17949
_d
17949